书目信息 |
| 题名: |
农村修理设备电源基本知识
|
|
| 作者: | 吴承祜 编 | |
| 分册: | ||
| 出版信息: | 北京 农业出版社 1982 |
|
| 页数: | 231页 | |
| 开本: | 20cm | |
| 丛书名: | ||
| 单 册: | ||
| 中图分类: | S232.8 | |
| 科图分类: | ||
| 主题词: | 农业机械化 | |
| 电子资源: | ||
| ISBN: | ||
| 000 | 00524nam0 2200181 450 | |
| 001 | 0663961504 | |
| 005 | 20060725174911.73 | |
| 010 | @dCNY0.77 | |
| 100 | @a20060725d1982 km y0chiy0120 ea | |
| 101 | 0 | @achi |
| 200 | 1 | @a农村修理设备电源基本知识@Anong cun xiu li she bei dian yuan ji ben zhi shi@f吴承祜 编@Fwu cheng hu bian |
| 210 | @a北京@c农业出版社@d1982 | |
| 215 | @a231页@d20cm | |
| 606 | 0 | @a农业机械化 |
| 690 | @aS232.8@v3 | |
| 701 | 0 | @a吴承祜@Awu cheng hu@4编 |
| 801 | 0 | @aCN@bPFT@c20060725 |
| 905 | @a10447@dS232.8@e22 | |
| 农村修理设备电源基本知识/吴承祜 编.-北京:农业出版社,1982 |
| 231页;20cm |
| ISBN :CNY0.77 |
| ● |
| 相关链接 |
|
|
|
|
正题名:农村修理设备电源基本知识
索取号:S232.8/22
 
预约/预借
| 序号 | 登录号 | 条形码 | 馆藏地/架位号 | 状态 | 备注 |
| 1 | 0438447 | 204384479 | 密集书库/ [索取号:S232.8/22] | 在馆 | |
| 2 | 0438448 | 204384488 | 密集书库/ [索取号:S232.8/22] | 在馆 |